The phonology and morphology of Arabic

Αποθηκεύτηκε σε:
Λεπτομέρειες βιβλιογραφικής εγγραφής
Κύριος συγγραφέας: Watson, Janet C. E.
Μορφή: Βιβλίο
Γλώσσα:English
Arabic
Δημοσίευση: Oxford : Oxford University Press, 2002.
Σειρά:Phonology of the world's languages
Θέματα:
Ετικέτες: Προσθήκη ετικέτας
Δεν υπάρχουν, Καταχωρήστε ετικέτα πρώτοι!

MARC

LEADER 00000cam a2200000 i 4500
001 1/63054
008 041018s2002 enk| ||| |||| ||eng||
020 |a 0199257590 
035 |l 10074764 
040 |a GR-MyUa  |b gre  |e AACR2 
041 0 |a eng  |a ara 
082 7 |a 492.77096216   |2 (22) 
100 1 |a Watson, Janet C. E. 
245 1 4 |a The phonology and morphology of Arabic /   |c Janet C.E. Watson. 
260 |a Oxford :   |b Oxford University Press,   |c 2002. 
300 |a 307 σ. :   |b εικ. ;   |c 24 εκ. 
490 1 |a (The phonology of the world's languages) 
504 |a Περιλαμβάνει βιβλιογραφικές παραπομπές και ευρετήριο. 
650 0 |a Arabic language  |x Dialects  |z Egypt  |x Phonology. 
650 0 |a Arabic language  |x Dialects  |z Yemen (Republic)  |x Phonology. 
650 0 |a Arabic language  |x Dialects  |z Egypt  |x Morphology. 
650 0 |a Arabic language  |x Dialects  |z Yemen (Republic)  |x Morphology. 
830 0 |a Phonology of the world's languages 
852 |a INST  |b RHODES  |e 20041018  |h 492.77096216 WAT  |p 005400018420  |q 005400018420  |t BK  |y 0 
901 |a BIBL4-2004-3 
920 |a ΔΙΕΥΡΥΝΣΗ  |b ΕΠΕΑΕΚ ΙΙ-ΤΜΣ  |y ΡΟΔΟΣ  |z 2004-10 
970 |a ΚΟΥΛΑΚΙΟΤΗ  |b ΛΙΤΣΑ  |z 2004/10/18